Leaders of a Country 2016 - Statistics

General Stats
  • This quiz has been taken 31 times
    12 since last reset
  • The average score is 8 of 15
Answer Stats
Country Leader % Correct
USA (president-elect) Donald Trump
100%
Russia Vladimir Putin
91%
North Korea Kim Jong Un
82%
United Kingdom Theresa May
73%
Canada Justin Trudeau
64%
France Francois Hollande
55%
Zimbabwe Robert Mugabe
55%
China Xi Jinping
55%
Syria Bashar al-Assad
36%
Australia Malcolm Turnbull
36%
Monaco Prince Albert
36%
Japan Shinzo Abe
36%
Venezuela Nicolás Maduro
27%
Mexico Enrique Pena Nieto
18%
Pakistan Nawaz Sharif
18%
No matching quizzes found
Score Distribution
Percent of People with Each Score
Percentile by Number Answered
Your Score History
You have not taken this quiz since the last reset